The Ultimate Harry Potter General Knowledge Quiz!!!! - Statistics

General Stats
  • This quiz has been taken 667 times
  • The average score is 31 of 52
Answer Stats
Question Answer % Correct
What is Harry's last name? Potter
100%
What creatures does Charlie Weasley work with in Romania? Dragons
96%
How many brothers does Ron have? 5
92%
When was Harry Potter and the Philosopher's Stone first published? 26th June 1997
89%
When was Harry Potter and the Prisoner of Azkaban first published? 8th July 1999
89%
When was Harry Potter and the Chamber of Secrets first published? 2nd July 1998
88%
What year did the film Harry Potter and the Philosopher's Stone premiere? 2001
87%
When was Harry Potter and the Goblet of Fire first published? 8th July 2000
87%
How many points are a snitch worth? 150
86%
When was Harry Potter and the Half Blood Prince first published? 16th July 2005
85%
What year did the film Harry Potter and the Chamber of Secrets premiere? 2002
85%
What year did the film Harry Potter and the Goblet of Fire premiere? 2005
85%
What year did the film Harry Potter and the Order of the Phoenix premiere? 2007
84%
When was Harry Potter and the Order of the Phoenix first published? 21 June 2003
84%
When was Harry Potter and the Deathly Hallows first published? 21st July 2007
84%
What year did the film Harry Potter and the Prisoner of Azkaban premiere? 2004
83%
How many goal posts are there on a Quidditch pitch? 6
82%
What year did the film Harry Potter and the Half-Blood Prince premiere? 2009
81%
What year did the film Harry Potter and the Deathly Hallows – Part 1 premiere? 2010
80%
What year did the film Harry Potter and the Deathly Hallows – Part 2 premiere? 2011
80%
What is the name of 'he who shall not be named'? Lord Voldemort (mwahaha)
77%
Which birthday does Harry celebrate in Harry Potter and the Philosopher's Stone? 11th
76%
Winky and Dobby are what kind of magical creatures? House Elves
75%
When is Harry Potter's Birthday 31st July
74%
What is the name of Dumbledore's Phoenix? Fawkes
74%
Who is unanimously elected leader of Dumbledore's Army? Harry Potter
74%
In the epilogue what job does Harry do? Auror
73%
Which house did the Sorting Hat almost put harry in? Slytherin
72%
What is Dumbledore's full name? Albus Percival Wulfric Brian Dumbledore
71%
What shape is Harry's scar? Lightning bolt
70%
Who gave Harry his Firebolt? Sirius Black
64%
What was Tom Riddle's mother's maiden name? Gaunt
57%
What type of car is Mr Weasley's flying car? Ford Anglia
56%
Who is Ginny's first boyfriend? Michael Corner
46%
When is Hermione Granger's Birthday? 19th September
45%
How many Chocolate Frog cards does Ron estimate he has in 'Harry Potter and the Philosopher's Stone'? 500
40%
When is Ron Weasley's Birthday? 1st March
39%
When is Draco Malfoy's Birthday? 5th June
37%
Who unwittinglly gives hermione permission to take 'Most Potente Posions' out of the restricted section of the library? Professor Lockhart
37%
In Harry Potter and the Prisoner of Azkaban, where does the Knight Bus drop Harry off? The Leaky Cauldron
37%
What body part does Ron leave behind when he does his Apparition Test? Half an eyebrow
34%
When is Severus Snape's Birthday? 9th January
32%
How many times was Nearly Headless Nick hit in the neck with an axe? 45
25%
How much gold do the Weasleys win in the annual Daily Prophet Grand Prize Galleon Draw in Harry Potter and the Prisoner of Azkaban? 700 galleons
19%
Who invented the Headless Hat? Fred and George Weasley
17%
How much does a twelve-week course of Apparation lessons cost? 12 Galleons
15%
What does Voldemort do to Neville when Neville refuses to join him? Makes him wear the sorting hat while on fire
9%
In Harry Potter and the Prisoner of Azkaban, who orders a cherry syrup and soda with ice and umbrella from the Three Broomsticks? Professor Flitwick
9%
What is the name of the fountain inside the Ministry of Magic? Fountain of Magical Brethren
7%
What does Harry dream about during the summer holiday before his fifth year? Corridors with dead ends and locked doors
3%
How much do Fred and George Weasley bet on the Quidditch World Cup? 37 Galleons, 15 Sickles and 3 Knuts
1%
How does Felix Felicis behave when in the cauldron? Droplets leap out like goldfish over the surface
1%
No matching quizzes found
Score Distribution
Percent of People with Each Score
Percentile by Number Answered
Your Score History
You have not taken this quiz